000 00309nam a22001337a 4500
008 170904b xxu||||| |||| 00| 0 eng d
020 _a9780618353057
041 _aeng
080 _a070
100 _a40
101 _aMED
245 _aLISTENING, SPEAKING, AND CRITICAL THINKING
_cTESKE,M
942 _2udc
_cBK
999 _c25917
_d25917